Petroleum, vol .1 (Record no. 4325)

000 -LEADER
fixed length control field 00374nam a22001457a 4500
008 - FIXED-LENGTH DATA ELEMENTS--GENERAL INFORMATION
fixed length control field 200730b ||||| |||| 00| 0 eng d
082 00 - DEWEY DECIMAL CLASSIFICATION NUMBER
Classification number 665.538
Item number R3218
100 ## - MAIN ENTRY--PERSONAL NAME
9 (RLIN) 2356
Personal name Redwood, Boverton.
245 10 - TITLE STATEMENT
Title Petroleum, vol .1
250 ## - EDITION STATEMENT
Edition statement 5th ed.
260 ## - PUBLICATION, DISTRIBUTION, ETC. (IMPRINT)
Place of publication, distribution, etc London
Name of publisher, distributor, etc Charles griffin
Date of publication, distribution, etc 1926
300 ## - PHYSICAL DESCRIPTION
Extent 612 p.
650 #0 - SUBJECT ADDED ENTRY--TOPICAL TERM
Topical term or geographic name as entry element Lubricants
942 ## - ADDED ENTRY ELEMENTS (KOHA)
Item type Books
Holdings
Withdrawn status Lost status Source of classification or shelving scheme Damaged status Not for loan Permanent location Current location Date acquired Source of acquisition Full call number Barcode Date last seen Koha item type
  Lost       IMU Kolkata IMU Kolkata 1954-03-26 A. H. Wheeler 665.538 R3218 02133 2020-07-30 Books
Designed and Maintained by IMU-KC Library, Kolkata Campus © Copyright All Rights Reserved

webs counters

Powered by Koha